Podvojné účtovníctvo

Účtovná uzávierka v podvojnom účtovníctve za rok 2017 - malá účtovná jednotka. Platná legislatíva k 31.12. 2017 týkajúca sa vedenia účtovníctva a zostavenia ÚZ pre malé účtovné jednotky. Ilustračné príklady.

Gespeichert in:
Bibliographische Detailangaben
1. Verfasser: Cvečková, Mária
Format: Buchkapitel
Sprache:Slowakisch
Schlagworte:
Tags: Tag hinzufügen
Keine Tags, Fügen Sie das erste Tag hinzu!

MARC

LEADER 00000naa a2200000 4500
001 0238871
005 20180117104622.5
041 0 |a slo 
044 |a SK 
245 1 0 |a Podvojné účtovníctvo  |c Mária Cvečková 
520 |a Účtovná uzávierka v podvojnom účtovníctve za rok 2017 - malá účtovná jednotka. Platná legislatíva k 31.12. 2017 týkajúca sa vedenia účtovníctva a zostavenia ÚZ pre malé účtovné jednotky. Ilustračné príklady. 
610 2 0 |a Slovensko 
610 2 0 |a jednotka účtovná 
610 2 0 |a zákony 
610 2 0 |a účtovníctvo podvojné 
610 2 0 |a uzávierka účtovná 
610 2 0 |a novelizácia 
100 1 |a Cvečková, Mária